| 000 | 01147 a2200193 4500 | ||
|---|---|---|---|
| 020 | _a1853260215 (paperback) | ||
| 020 | _a9781853260216 (paperback) | ||
| 082 | 0 | 4 | _a823.5 |
| 090 |
_c4693 _d4693 |
||
| 100 | 1 | _aFielding, Henry. | |
| 245 | 1 | 0 |
_aTom jones / _cHenry Fielding. |
| 260 |
_a[S.l.] : _bWordsworth Editions Ltd, _c1999. |
||
| 300 |
_a768 p. ; _c20 cm. |
||
| 490 | 1 | _aWordsworth classics. | |
| 520 | _aIntroduction and Notes by Doreen Roberts, Rutherford College, University of Kent at Canterbury Tom Jones is widely regarded as one of the first and most influential English novels. It is certainly the funniest. Tom Jones, the hero of the book, is introduced to the reader as the ward of a liberal Somerset squire. Tom is a generous but slightly wild and feckless country boy with a weakness for young women. Misfortune, followed by many spirited adventures as he travels to London to seek his fortune, teach him a sort of wisdom to go with his essential good-heartedness. | ||
| 830 | 0 | _aWordsworth classics. | |
| 856 | 4 | 0 |
_3Amazon.com _uhttp://www.amazon.com/exec/obidos/ASIN/1853260215/chopaconline-20 |
| 942 |
_aNBS _cBK _k823.5 FIE |
||
| 999 |
_c347126 _d347126 |
||